| 000 | 00366 a2200133 4500 | ||
|---|---|---|---|
| 003 | Nust | ||
| 005 | 20170207155134.0 | ||
| 040 | _cNust | ||
| 082 | _a799 | ||
| 245 |
_aDine Out Offrs on Retirement,Photographs-2012 _cMCS |
||
| 260 |
_aRawalpindi _bMCS _c16-Feb-2012 |
||
| 650 | _aPictures of Dine Out Offrs on Retirement,Photgraphs 2012, (CD- NO 22) | ||
| 651 | _aSweet Memories-MCS | ||
| 942 | _cBK | ||
| 999 |
_c200296 _d200296 |
||